000 00535nam a2200157Ia 4500
005 20250404104329.0
008 231217s9999 xx 000 0 und d
020 _a9788131401446
082 _a338.17318 NAH;1 R
100 _aNahar, Bodrun. Siriwardana, Mahinda ed.
245 0 _aImpact of trade liberalisation on the rice sector in Saarc countries : the case of Bangladesh
260 _c2006
_bICFAI Press
_aHyderabad
300 _aii, 177
650 _aImpact,trade,liberalisation,rice,Saarc,countries,Bangladesh
942 _cAA
999 _c191548
_d191548